Southville International School and Colleges
Your cart is empty.
  • Cart
  • Lists
    Public lists Eva Luna New books Lux_list list_1
    Your lists Log in to create your own lists
  • Log in to your account
  • Your cookies
  • Search history
Southville International School and Colleges
  • Advanced search
  • Recent comments
  • Most popular
  • Libraries

Log in to your account

Log in with GOOGLE


If you do not have an external account, but do have a local account, you can still log in:

  1. Home
  2. MARC view: Perfect phrases for perfect hiring. /
Normal view MARC view ISBD view

Perfect phrases for perfect hiring. / (Record no. 23395)

[ view plain ]
MARC details
000 -LEADER
fixed length control field 00541nam a2200205 a 4500
005 - DATE AND TIME OF LATEST TRANSACTION
control field 20140310183451.0
008 - FIXED-LENGTH DATA ELEMENTS--GENERAL INFORMATION
fixed length control field 090120s19uu xx 00 eng d
020 ## - INTERNATIONAL STANDARD BOOK NUMBER
International Standard Book Number 9780071481700
050 ## - LIBRARY OF CONGRESS CALL NUMBER
Classification number HF 5549.5.S38
Item number .D38 2007
100 ## - MAIN ENTRY--PERSONAL NAME
Personal name Davila, Lori
245 ## - TITLE STATEMENT
Title Perfect phrases for perfect hiring. /
260 ## - PUBLICATION, DISTRIBUTION, ETC. (IMPRINT)
Place of publication, distribution, etc New York :
Name of publisher, distributor, etc McGraw-Hill,
Date of publication, distribution, etc 2007.
300 ## - PHYSICAL DESCRIPTION
Extent 191 p. :
Other physical details ill. ;
Dimensions 23 cm.
521 ## - TARGET AUDIENCE NOTE
Target audience note
650 ## - SUBJECT ADDED ENTRY--TOPICAL TERM
Topical term or geographic name as entry element BSBA.
650 ## - SUBJECT ADDED ENTRY--TOPICAL TERM
Topical term or geographic name as entry element Employee selection.
700 ## - ADDED ENTRY--PERSONAL NAME
Personal name King, Margot
942 ## - ADDED ENTRY ELEMENTS (KOHA)
Koha item type Books
Source of classification or shelving scheme Library of Congress Classification
Call number prefix Foreign
Holdings
Withdrawn status Lost status Source of classification or shelving scheme Damaged status Home library Current library Shelving location Date acquired Source of acquisition Total Checkouts Full call number Barcode Date last seen Copy number Price effective from Koha item type
    Library of Congress Classification   College Library College Library General Circulation Section 01/18/2014 Donation   HF 5549.5.S38 .D38 2007 C10072 05/15/2018 1 01/18/2014 Books

Perfect phrases for perfect hiring. /

APA

Davila L., King M., . (2007). Perfect phrases for perfect hiring. New York: McGraw-Hill.

Chicago

Davila Lori, King Margot, . 2007. Perfect phrases for perfect hiring. New York: McGraw-Hill.

Harvard

Davila L., King M., . (2007). Perfect phrases for perfect hiring. New York: McGraw-Hill.

MLA

Davila Lori, King Margot, . Perfect phrases for perfect hiring. New York: McGraw-Hill. 2007.

  • Place hold
  • Print
  • Cite
  • Add to your cart (remove)
  • Save record
    BIBTEX Dublin Core MARCXML MARC (non-Unicode/MARC-8) MARC (Unicode/UTF-8) MARC (Unicode/UTF-8, Standard) MODS (XML) RIS
  • More searches
    Search for this title in:
    Other Libraries (WorldCat) Other Databases (Google Scholar) Online Stores (Bookfinder.com) Open Library (openlibrary.org)

Exporting to Dublin Core...

SOUTHVILLE LIBRARY

Southville International School and Colleges Library

1281 Tropical Ave. Cor. Luxembourg St., BF Homes International, Las Pinas City

Tel. No. 8256374 / 252358 Loc. 117/146

Powered by Koha